States that celebrate Confederate Memorial Day - Statistics

General Stats
  • This quiz has been taken 104 times
  • The average score is 7 of 8
Answer Stats
Year State % Correct
1901 Alabama
96%
? Mississippi
96%
1973 Texas
95%
1896 South Carolina
94%
1903 Tennessee
91%
? North Carolina
90%
1895 Florida
89%
? Kentucky
83%
No matching quizzes found
Score Distribution
Percent of People with Each Score
Percentile by Number Answered
Your Score History
You have not taken this quiz